| 000 | 00753nam a22002177a 4500 | ||
|---|---|---|---|
| 003 | UA-OsUOA | ||
| 001 | 60736 | ||
| 007 | ta | ||
| 008 | 20090603b un ||||| |||| 00| 0 ukr d | ||
| 100 | _aБорковський А. | ||
| 090 |
_a908 _bБ82 |
||
| 942 | _cSA | ||
| 040 |
_aUA-OsUOA _bukr _cUA-OsUOA _dUA-OsUOA |
||
| 245 | _aОтець Рафаїл Турконяк: Усі канони Біблії відрізняються між собою. Видатний український теолог, перекладач Біблії Рафаїл Турконяк відзначає 60-річний ювілей | ||
| 300 | _aС.7 | ||
| 955 | _a0 | ||
| 041 | _aukr | ||
| 080 | _a908 | ||
| 773 | 0 | _w60735 | |
| 650 | 7 |
_a908 Краєзнавство _2UDC |
|
| 999 |
_c346665 _d346665 |
||